000 00270nam a2200109Ia 4500
008 190216s9999||||xx |||||||||||||| ||und||
100 _aSree Rangavikraman Nair
245 0 _aMalayalam-Vilakkukal Nizhalugal
260 _bNbs Kottayam
650 _aMalayalam
942 _cBK
999 _c24724
_d24724